| 000 | 00412nam a22001577a 4500 | ||
|---|---|---|---|
| 005 | 20170401141337.0 | ||
| 008 | 170401b xxu||||| |||| 00| 0 eng d | ||
| 020 | _a978-81-224-1460-8 | ||
| 041 | _aeng | ||
| 100 |
_aRAJU,N.KRISHNA , PRANESH R.N _93766 |
||
| 245 | _aREINFORCED CONCRETE DESIGN | ||
| 260 |
_bNEW AGE INTERNATIONAL PUBLICATION _c2003 |
||
| 300 | _a611 | ||
| 650 |
_aENGINEERING _93767 |
||
| 942 | _cBK | ||
| 999 |
_c5378 _d5376 |
||